|
|
|
|
| LEADER |
01163nam a2200337Ia 4500 |
| 001 |
EBC1106795 |
| 003 |
MiAaPQ |
| 005 |
20200520144314.0 |
| 006 |
m o d | |
| 007 |
cr cn||||||||| |
| 008 |
120518s2012 enka s 000 0 eng d |
| 020 |
|
|
|z 9781283902427
|
| 020 |
|
|
|z 9781408168349 (hbk.)
|
| 020 |
|
|
|z 1408168340 (hbk.)
|
| 035 |
|
|
|a (MiAaPQ)EBC1106795
|
| 035 |
|
|
|a (Au-PeEL)EBL1106795
|
| 035 |
|
|
|a (CaPaEBR)ebr10639761
|
| 035 |
|
|
|a (CaONFJC)MIL421492
|
| 035 |
|
|
|a (OCoLC)823721405
|
| 040 |
|
|
|a MiAaPQ
|c MiAaPQ
|d MiAaPQ
|
| 050 |
|
4 |
|a HD57.7
|b .D87 2012
|
| 100 |
1 |
|
|a Duttagupta, Rhea.
|
| 245 |
1 |
0 |
|a Leadership it's in your DNA
|h [electronic resource] /
|c Rhea Duttagupta.
|
| 260 |
|
|
|a London :
|b A. & C. Black,
|c 2012.
|
| 300 |
|
|
|a xxix, 302 p. :
|b ill.
|
| 533 |
|
|
|a Electronic reproduction. Ann Arbor, MI : ProQuest, 2015. Available via World Wide Web. Access may be limited to ProQuest affiliated libraries.
|
| 650 |
|
0 |
|a Leadership.
|
| 650 |
|
0 |
|a Industrial management.
|
| 655 |
|
4 |
|a Electronic books.
|
| 710 |
2 |
|
|a ProQuest (Firm)
|
| 856 |
4 |
0 |
|u https://ebookcentral.proquest.com/lib/matrademy/detail.action?docID=1106795
|z Click to View
|